000 00382nam a2200145Ia 4500
008 240624s9999 xx 000 0 und d
041 _aeng
082 _a330 PAI
100 _aPAILWAR VEENA KESHAV
245 _aECONOMIC ENVIRONMENT OF BUSINESS
250 _a(2nd ed.)
260 _c2010
_aNew Delhi
_bPrentice-Hall of India
300 _axxv, : 442 : p. : cm. ; 23
365 _cRS
999 _c15263
_d15263